00518nam a2200157Ia 4500008004100000020001800041082001700059100004400076245009500120250000700215260004600222300002300268500001900291600003300310650001700343240925s9999 xx 000 0 und d a9780199403363 a068.5491 AYU aAyub, Mahmood Ali; Hussain, Syed Turab 0aCandles in the Dark: successful organizations in Pakistan's weak institutional environment aNA aKarachi:bOxford University Pressc,2016. a101p.b0fOriginal aIncludes Index aHumanities & Natural Science aGeneral Work